000 00517nam a2200181 a 4500
005 20140412111303.0
008 001116s19uu xx 00 eng d
020 _a0-7214-1582-2
050 _aER
_bTo66 1993
100 _aAinsworth, Alison
245 _aTown mouse and country mouse /
_cAlison Ainsworth ; illustrated by John Dyke.
260 _aUK :
_bLadybird,
_c1993.
300 _a1 v. (unp.) ; ill.
440 _aRead It Yourself, level 3
650 _aFables
650 _aMice--Fiction
999 _c103533
_d103533